|
|
|
|
| LEADER |
00000nam0a2200000 4500 |
| 001 |
312368 |
| 005 |
20231102002459.0 |
| 020 |
|
|
|a RU
|b 80-59950
|
| 035 |
|
|
|a (RuTPU)RU\TPU\book\337736
|
| 090 |
|
|
|a 312368
|
| 100 |
|
|
|a 20151221d1980 k y0rusy5003 ca
|
| 101 |
0 |
|
|a rus
|
| 102 |
|
|
|a UZ
|
| 105 |
|
|
|a a z 001zy
|
| 200 |
1 |
|
|a Повышение надежности элементов соединений, механизация и автоматизация их выполнения
|e сборник научных трудов
|f Ташкентский политехнический институт им. А. Б. Беруни (ТашПИ) ; под ред. Ш. Ф. Ганиханова, М. М. Акбарова
|
| 210 |
|
|
|a Ташкент
|c Изд-во ТашПИ
|d 1980
|
| 215 |
|
|
|a 83 с.
|c ил.
|
| 225 |
1 |
|
|a Сборник научных трудов [Ташкентского политехнического института]
|v Вып. 295
|
| 320 |
|
|
|a Библиогр. в конце ст.
|
| 606 |
1 |
|
|a Самолеты
|x Сборка
|x Приспособления
|2 stltpush
|3 (RuTPU)RU\TPU\subj\53677
|9 71844
|
| 610 |
1 |
|
|a автоматизация
|
| 610 |
1 |
|
|a элементы
|
| 610 |
1 |
|
|a соединения
|
| 610 |
1 |
|
|a надежность
|
| 610 |
1 |
|
|a сверлильно-клепальное оборудование
|
| 610 |
1 |
|
|a роботы
|
| 610 |
1 |
|
|a применение
|
| 675 |
|
|
|a 629.73.002
|z rus
|v 3
|
| 702 |
|
1 |
|a Ганиханов
|b Ш. Ф.
|g Шарафутдин Фасхитдинович
|4 340
|
| 702 |
|
1 |
|a Акбаров
|b М. М.
|4 340
|
| 712 |
0 |
2 |
|a Ташкентский политехнический институт им. А. Б. Беруни (ТашПИ)
|2 stltpush
|3 (RuTPU)RU\TPU\col\6741
|
| 801 |
|
0 |
|a RU
|b RuMRKP
|c 19950704
|g psbo
|
| 801 |
|
1 |
|a RU
|b 63413507
|c 20151221
|
| 801 |
|
2 |
|a RU
|b 63413507
|c 20191004
|g RCR
|
| 942 |
|
|
|c BK
|